00707nam a2200145Ia 4500008004100000020001800041100002100059245007000080260003900150650020500189650001200394856004500406999001900451952009100470171212s9999 xx 000 0 und d a9780874215892 aTaniguchi, Nancy cTaniguchi, NancyaCastle Valley AmericabHard Land, Hard-won Home bUniversity Press of Coloradoc2004 aCastle Valley (Utah) -- History; Castle Valley (Utah) -- Biography; Carbon County (Utah) -- History; Carbon County (Utah) -- Biography; Emery County (Utah) -- History; Emery County (Utah) -- Biography aHistory uwww.jstor.org/stable/10.2307/j.ctt4cgp5n c353041d353041 001040aCLbCLd2017-12-12l0oF832.C44T36 2004r2017-12-12 00:00:00w2017-12-12yCBE